[Event "HUN-chT2 Szechenyi 0405"]
[Site "Hungary"]
[Date "2005.03.06"]
[Round "9"]
[White "Barczay, Laszlo"]
[Black "Joo, Gabor"]
[Result "1-0"]
[WhiteElo "2382"]
[BlackElo "2242"]
[PlyCount "79"]
[EventDate "2004.09.26"]
[EventType "team"]
[EventRounds "11"]
[EventCountry "HUN"]
[SourceTitle "EXT 2009"]
[Source "ChessBase"]
[SourceDate "2008.11.26"]
[SourceVersion "1"]
[SourceVersionDate "2008.11.26"]
[SourceQuality "1"]
[WhiteTeam "Kertvaros"]
[BlackTeam "Haladas II"]
[WhiteTeamCountry "HUN"]
[BlackTeamCountry "HUN"]

1. e4 c5 2. Nf3 d6 3. d4 cxd4 4. Nxd4 Nf6 5. Nc3 a6 6. Be2 e6 7. f4 Qc7 8. 0-0 Be7 9. Kh1 0-0 10. Be3 Nc6 11. Qe1 Bd7 12. Qg3 Kh8 13. Rae1 e5 14. fxe5 Nxe5 15. Nf5 Bxf5 16. Rxf5 b5 17. a3 Nc4 18. Bd4 Ne5 19. Ref1 Rg8 20. Qh3 Rab8 21. Nd5 Qxc2 22. Bxe5 Qxe2 23. Bc3 Bd8 24. Bxf6 Bxf6 25. Nxf6 gxf6 26. Rxf6 Rg7 27. Qf3 Qxb2 28. Rxd6 Rbg8 29. g3 a5 30. Rf2 Qa1+ 31. Rd1 Qe5 32. Rd5 Qa1+ 33. Kg2 Rg5 34. e5 Qb1 35. Rfd2 Rf5 36. Qe2 Qb3 37. Qe4 Rfg5 38. Qf4 Qxa3 39. Qf6+ R5g7 40. Rd8 1-0

[Event "HUN-chT2 Szechenyi 0405"]
[Site "Hungary"]
[Date "2005.02.20"]
[Round "8"]
[White "Szakacs, Daniel"]
[Black "Barczay, Laszlo"]
[Result "0-1"]
[WhiteElo "2129"]
[BlackElo "2382"]
[PlyCount "68"]
[EventDate "2004.09.26"]
[EventType "team"]
[EventRounds "11"]
[EventCountry "HUN"]
[SourceTitle "EXT 2009"]
[Source "ChessBase"]
[SourceDate "2008.11.26"]
[SourceVersion "1"]
[SourceVersionDate "2008.11.26"]
[SourceQuality "1"]
[WhiteTeam "Veszprem"]
[BlackTeam "Kertvaros"]
[WhiteTeamCountry "HUN"]
[BlackTeamCountry "HUN"]

1. e4 c5 2. Nf3 e6 3. d4 cxd4 4. c3 dxc3 5. Nxc3 a6 6. Bc4 Nc6 7. 0-0 Nge7 8. Qe2 Ng6 9. Be3 b5 10. Bd3 Be7 11. Rac1 0-0 12. a3 Bb7 13. Rfd1 Qb8 14. Bb1 d6 15. Ba2 Rc8 16. Bg5 Bf8 17. Bb1 Na5 18. h4 Nc4 19. h5 Nge5 20. Nd4 Rc5 21. f4 Nd7 22. b4 Rc7 23. a4 Na3 24. Ba2 Qa7 25. Kh2 Rac8 26. axb5 Rxc3 27. Rxc3 Rxc3 28. Qb2 Nxb5 29. Nxb5 axb5 30. Qxc3 Qxa2 31. Qc7 Bxe4 32. Rg1 Nf6 33. Bxf6 gxf6 34. Qc3 Qe2 0-1

[Event "Balatonlelle op"]
[Site "Balatonlelle"]
[Date "2004.07.24"]
[Round "6"]
[White "Barczay, Laszlo"]
[Black "Pesztericz, Laszlo"]
[Result "1/2-1/2"]
[WhiteElo "2382"]
[BlackElo "2300"]
[PlyCount "26"]
[EventDate "2004.07.19"]
[EventType "swiss"]
[EventRounds "9"]
[EventCountry "HUN"]
[SourceTitle "CBM 101 Extra"]
[Source "ChessBase"]
[SourceDate "2004.09.01"]
[SourceVersion "2"]
[SourceVersionDate "2004.09.01"]
[SourceQuality "1"]

1. e4 e5 2. Nf3 Nc6 3. Bc4 Nf6 4. d4 exd4 5. 0-0 Nxe4 6. Re1 d5 7. Bxd5 Qxd5 8. Nc3 Qa5 9. Nxe4 Be6 10. Neg5 0-0-0 11. Nxe6 fxe6 12. Rxe6 Bd6 13. Bg5 Rde8 1/2-1/2

[Event "Balatonlelle op"]
[Site "Balatonlelle"]
[Date "2004.07.22"]
[Round "4"]
[White "Barczay, Laszlo"]
[Black "Horvath, Julia"]
[Result "1-0"]
[WhiteElo "2382"]
[BlackElo "2235"]
[PlyCount "111"]
[EventDate "2004.07.19"]
[EventType "swiss"]
[EventRounds "9"]
[EventCountry "HUN"]
[SourceTitle "CBM 101 Extra"]
[Source "ChessBase"]
[SourceDate "2004.09.01"]
[SourceVersion "2"]
[SourceVersionDate "2004.09.01"]
[SourceQuality "1"]

1. e4 c6 2. d4 d5 3. Nc3 dxe4 4. Nxe4 Bf5 5. Ng3 Bg6 6. h4 h6 7. Nf3 Nd7 8. h5 Bh7 9. Bd3 Bxd3 10. Qxd3 Ngf6 11. Bf4 Qa5+ 12. Bd2 Qc7 13. 0-0-0 e6 14. Qe2 Be7 15. Kb1 0-0-0 16. Ne5 Nxe5 17. dxe5 Nd7 18. f4 Rhe8 19. Be3 Nb6 20. c4 c5 21. b3 Nd7 22. Ne4 Nxe5 23. fxe5 Qxe5 24. Bc1 f5 25. Nc3 Bf6 26. Qxe5 Bxe5 27. Ne2 Re7 28. Bf4 Bf6 29. Rxd8+ Kxd8 30. Rd1+ Ke8 31. Be3 b6 32. Nf4 Bg5 33. Kc2 Bxf4 34. Bxf4 e5 35. Bh2 Kf7 36. Rd6 Re6 37. Rd7+ Kf6 38. Rxa7 f4 39. Rd7 g5 40. hxg6 Kxg6 41. g3 f3 42. Kd2 e4 43. Bg1 Kf5 44. Ke3 Kg4 45. Bf2 Kh3 46. Rd2 Kg2 47. a3 Re8 48. g4 Re6 49. b4 cxb4 50. axb4 Kf1 51. c5 bxc5 52. bxc5 Kg2 53. Rc2 Kh3 54. c6 Re8 55. c7 Rc8 56. Kf4 1-0

[Event "Balatonlelle op"]
[Site "Balatonlelle"]
[Date "2004.07.19"]
[Round "1"]
[White "Hering, Sven"]
[Black "Barczay, Laszlo"]
[Result "1/2-1/2"]
[WhiteElo "2094"]
[BlackElo "2382"]
[PlyCount "88"]
[EventDate "2004.07.19"]
[EventType "swiss"]
[EventRounds "9"]
[EventCountry "HUN"]
[SourceTitle "CBM 101 Extra"]
[Source "ChessBase"]
[SourceDate "2004.09.01"]
[SourceVersion "2"]
[SourceVersionDate "2004.09.01"]
[SourceQuality "1"]

1. Nc3 c5 2. Nf3 g6 3. d4 cxd4 4. Nxd4 Bg7 5. g3 Nc6 6. Be3 Nf6 7. Bg2 Ng4 8. Nxc6 Nxe3 9. Nxd8 Nxd1 10. Nxb7 Nxc3 11. Nd6+ exd6 12. Bxa8 Ba6 13. Kd2 Nxe2 14. c3 0-0 15. Bf3 Bh6+ 16. Kd1 Nc1 17. Rxc1 Bxc1 18. Kxc1 Rb8 19. Rd1 Rb6 20. a4 Bc4 21. a5 Rb5 22. b4 Rf5 23. Bg4 Rxf2 24. Bxd7 Kf8 25. Rxd6 Ke7 26. Rd4 Rxh2 27. Bc6 Bb3 28. Bd5 Bxd5 29. Rxd5 h5 30. b5 h4 31. gxh4 Rxh4 32. b6 axb6 33. axb6 Rh8 34. c4 g5 35. Rxg5 Kd6 36. c5+ Kc6 37. Rf5 Rh2 38. Kd1 Ra2 39. Ke1 Rb2 40. Kf1 Ra2 41. Kg1 Rc2 42. Rxf7 Rxc5 43. Rc7+ Kxb6 44. Rxc5 Kxc5 1/2-1/2

[Event "Budapest FS09 GM+"]
[Site "Budapest"]
[Date "2002.09.08"]
[Round "2"]
[White "Barczay, Laszlo"]
[Black "Bui, Vinh"]
[Result "0-1"]
[WhiteElo "2389"]
[BlackElo "2444"]
[PlyCount "100"]
[EventDate "2002.09.07"]
[EventType "tourn"]
[EventRounds "13"]
[EventCountry "HUN"]
[EventCategory "7"]
[SourceTitle "CBM 090 Extra"]
[Source "ChessBase"]
[SourceDate "2002.11.07"]
[SourceVersion "1"]
[SourceVersionDate "2002.11.07"]
[SourceQuality "1"]

1. e4 c5 2. Nf3 e6 3. d4 cxd4 4. Nxd4 a6 5. Bd3 Qc7 6. 0-0 Nf6 7. c4 b6 8. Nc3 d6 9. Bg5 Be7 10. Rc1 0-0 11. b3 Nbd7 12. Bb1 Bb7 13. Qd3 Nc5 14. Qh3 Rfe8 15. Rfe1 g6 16. Qh4 Nh5 17. b4 Bxg5 18. Qxg5 Nd7 19. Bd3 Kg7 20. Bf1 h6 21. Qd2 Rac8 22. Ncb5 axb5 23. Nxb5 Qb8 24. Nxd6 Red8 25. Nxc8 Bxc8 26. c5 bxc5 27. bxc5 Qc7 28. Red1 Rf8 29. Bb5 Ndf6 30. f3 g5 31. a4 Nf4 32. Qd6 Qa5 33. Qe5 Ba6 34. g3 Ne2+ 35. Bxe2 Bxe2 36. Rd4 Bxf3 37. g4 Qa6 38. Qg3 Qe2 39. Re1 Qb2 40. Qf2 Qxf2+ 41. Kxf2 e5 42. Rd6 Bxg4 43. Ke3 Rb8 44. Ra1 Rb3+ 45. Rd3 Rb2 46. Rd2 Rb3+ 47. Rd3 Rb2 48. Rd2 Rb4 49. a5 Rxe4+ 50. Kd3 Rd4+ 0-1

[Event "HUN-chT2 0102"]
[Site "Hungary"]
[Date "2002.04.07"]
[Round "10"]
[White "Barczay, Laszlo"]
[Black "Horvath, Sandor"]
[Result "1/2-1/2"]
[WhiteElo "2397"]
[BlackElo "2396"]
[PlyCount "26"]
[EventDate "2001.??.??"]
[EventType "team"]
[EventRounds "11"]
[EventCountry "HUN"]
[SourceTitle "EXT 2004"]
[Source "ChessBase"]
[SourceDate "2003.11.25"]
[SourceVersion "1"]
[SourceVersionDate "2003.11.25"]
[SourceQuality "1"]

1. e4 c5 2. Nf3 Nc6 3. Nc3 e5 4. Bc4 d6 5. Nd5 Be7 6. d3 h6 7. h3 Nf6 8. Nxe7 Qxe7 9. 0-0 Be6 10. Re1 g5 11. Nh2 0-0-0 12. a3 Kb8 13. Bxe6 Qxe6 1/2-1/2

[Event "HUN-chT2 0102"]
[Site "Hungary"]
[Date "2001.12.02"]
[Round "4"]
[White "Parkanyi, Attila"]
[Black "Barczay, Laszlo"]
[Result "1-0"]
[WhiteElo "2422"]
[BlackElo "2397"]
[PlyCount "53"]
[EventDate "2001.??.??"]
[EventType "team"]
[EventRounds "11"]
[EventCountry "HUN"]
[SourceTitle "EXT 2004"]
[Source "ChessBase"]
[SourceDate "2003.11.25"]
[SourceVersion "1"]
[SourceVersionDate "2003.11.25"]
[SourceQuality "1"]

1. e4 c5 2. Nc3 Nc6 3. g3 g6 4. Bg2 Bg7 5. d3 d6 6. Be3 Rb8 7. Qd2 b5 8. h3 b4 9. Nd1 e5 10. c3 bxc3 11. bxc3 Be6 12. Ne2 Nge7 13. Bh6 0-0 14. Bxg7 Kxg7 15. Ne3 Qd7 16. f4 f5 17. 0-0 fxe4 18. dxe4 Bxh3 19. Bxh3 Qxh3 20. f5 gxf5 21. Nxf5+ Nxf5 22. Qg5+ Kh8 23. Rxf5 Rxf5 24. exf5 Rg8 25. Qf6+ Rg7 26. Rb1 Ne7 27. Rb7 1-0

[Event "Budapest FS04 GM"]
[Site "Budapest"]
[Date "2001.04.17"]
[Round "11"]
[White "Barczay, Laszlo"]
[Black "Fogarasi, Tibor"]
[Result "1/2-1/2"]
[WhiteElo "2391"]
[BlackElo "2446"]
[PlyCount "53"]
[EventDate "2001.04.07"]
[EventType "tourn"]
[EventRounds "13"]
[EventCountry "HUN"]
[EventCategory "8"]
[SourceTitle "CBM 082 Extra"]
[Source "ChessBase"]
[SourceDate "2001.07.03"]
[SourceVersion "1"]
[SourceVersionDate "2001.07.03"]
[SourceQuality "1"]

1. e4 c5 2. Nf3 e6 3. d4 cxd4 4. Nxd4 Nc6 5. Nc3 Qc7 6. g3 a6 7. Bg2 Nf6 8. 0-0 d6 9. Re1 Rb8 10. a4 Be7 11. Nb3 b6 12. f4 0-0 13. Qe2 Bb7 14. Bd2 Rfe8 15. Nd1 Na5 16. Nxa5 bxa5 17. Nf2 Qxc2 18. Bxa5 Qxe2 19. Rxe2 Rec8 20. e5 dxe5 21. fxe5 Nd7 22. Nd3 Nc5 23. Bxb7 Nxb7 24. Bb6 Nc5 25. Bxc5 Bxc5+ 26. Nxc5 Rxc5 27. Rd1 1/2-1/2

[Event "Budapest FS04 GM"]
[Site "Budapest"]
[Date "2001.04.16"]
[Round "10"]
[White "Lukacs, Peter"]
[Black "Barczay, Laszlo"]
[Result "1/2-1/2"]
[WhiteElo "2458"]
[BlackElo "2391"]
[PlyCount "35"]
[EventDate "2001.04.07"]
[EventType "tourn"]
[EventRounds "13"]
[EventCountry "HUN"]
[EventCategory "8"]
[SourceTitle "CBM 082 Extra"]
[Source "ChessBase"]
[SourceDate "2001.07.03"]
[SourceVersion "1"]
[SourceVersionDate "2001.07.03"]
[SourceQuality "1"]

1. d4 Nf6 2. c4 e6 3. Nf3 c5 4. d5 exd5 5. cxd5 d6 6. Nc3 g6 7. Nd2 Bg7 8. e4 0-0 9. Be2 Re8 10. 0-0 Na6 11. f3 Nc7 12. a4 b6 13. Kh1 Nh5 14. f4 Ba6 15. Bxa6 Nxa6 16. Nf3 Nb4 17. f5 Qd7 18. Ng5 1/2-1/2

[Event "Budapest FS04 GM"]
[Site "Budapest"]
[Date "2001.04.14"]
[Round "8"]
[White "Almasi, Istvan"]
[Black "Barczay, Laszlo"]
[Result "1/2-1/2"]
[WhiteElo "2424"]
[BlackElo "2391"]
[PlyCount "86"]
[EventDate "2001.04.07"]
[EventType "tourn"]
[EventRounds "13"]
[EventCountry "HUN"]
[EventCategory "8"]
[SourceTitle "CBM 082 Extra"]
[Source "ChessBase"]
[SourceDate "2001.07.03"]
[SourceVersion "1"]
[SourceVersionDate "2001.07.03"]
[SourceQuality "1"]

1. Nf3 Nf6 2. g3 c5 3. c4 b6 4. Bg2 Bb7 5. 0-0 g6 6. Nc3 Bg7 7. d4 cxd4 8. Qxd4 Nc6 9. Qf4 Qb8 10. Qxb8+ Rxb8 11. Bf4 Rc8 12. Nb5 Nh5 13. Rad1 Nxf4 14. gxf4 a6 15. Nc3 Bxc3 16. bxc3 Na5 17. Rd4 Nxc4 18. Rb1 Rc7 19. Ne5 Bxg2 20. Kxg2 Nxe5 21. fxe5 Rc6 22. Rbd1 0-0 23. Rxd7 Re6 24. f4 f6 25. exf6 Rfxf6 26. Kf3 g5 27. e3 gxf4 28. exf4 Kf7 29. h4 Rc6 30. R1d3 Rc4 31. R7d4 Rfc6 32. Rxc4 Rxc4 33. Re3 h5 34. Rd3 Kf6 35. Re3 Rc5 36. Ke4 Ra5 37. Re2 e6 38. c4 Ra4 39. Kd3 Ra3+ 40. Kd4 Ra4 41. Kd3 Ra3+ 42. Kd4 Rf3 43. Ke4 Rc3 1/2-1/2

[Event "Budapest FS04 GM"]
[Site "Budapest"]
[Date "2001.04.12"]
[Round "6"]
[White "Barczay, Laszlo"]
[Black "Cao, Sang"]
[Result "0-1"]
[WhiteElo "2391"]
[BlackElo "2488"]
[PlyCount "98"]
[EventDate "2001.04.07"]
[EventType "tourn"]
[EventRounds "13"]
[EventCountry "HUN"]
[EventCategory "8"]
[SourceTitle "CBM 082 Extra"]
[Source "ChessBase"]
[SourceDate "2001.07.03"]
[SourceVersion "1"]
[SourceVersionDate "2001.07.03"]
[SourceQuality "1"]

1. d4 Nf6 2. Nf3 b6 3. c4 e6 4. g3 Ba6 5. Qa4 c5 6. Bg2 Bb7 7. dxc5 bxc5 8. 0-0 Bc6 9. Qa3 d6 10. Rd1 Nbd7 11. Nc3 Be7 12. Bf4 Qc7 13. Ne1 0-0 14. Nb5 Bxb5 15. Bxa8 Bxc4 16. Bf3 e5 17. Rac1 Bb5 18. Bg5 e4 19. Bxe4 Nxe4 20. Bxe7 Re8 21. Bxd6 Nxd6 22. Nd3 Ne4 23. Nf4 Nef6 24. Rc2 Bc6 25. b4 Qe5 26. f3 cxb4 27. Qxb4 Qe3+ 28. Kf1 Bxf3 29. Qc3 Qxc3 30. Rxc3 Bg4 31. h3 Bf5 32. g4 g5 33. gxf5 gxf4 34. Rc7 Nb6 35. Kf2 a5 36. Ra7 Re5 37. Ra6 Nbd7 38. Ra7 Nc5 39. Kf3 Nd5 40. f6 Re3+ 41. Kg4 Nxf6+ 42. Kxf4 Rxe2 43. Rxa5 Ne6+ 44. Kf3 Rh2 45. Kg3 Rc2 46. a4 Rc3+ 47. Kh2 Nf4 48. Rf5 N6h5 49. Rf1 Rc2+ 0-1

[Event "Zalakaros op 19th"]
[Site "Zalakaros"]
[Date "2000.05.23"]
[Round "5"]
[White "Barczay, Laszlo"]
[Black "Pal, Peter"]
[Result "0-1"]
[WhiteElo "2404"]
[BlackElo "2228"]
[PlyCount "96"]
[EventDate "2000.05.??"]
[EventType "swiss"]
[EventRounds "9"]
[EventCountry "HUN"]
[SourceTitle "EXT 2002"]
[Source "ChessBase"]
[SourceDate "2001.11.25"]
[SourceVersion "1"]
[SourceVersionDate "2001.11.25"]
[SourceQuality "1"]

1. e4 c5 2. Nf3 Nc6 3. d4 cxd4 4. Nxd4 Nf6 5. Nc3 e5 6. Ndb5 d6 7. Bg5 a6 8. Na3 b5 9. Bxf6 gxf6 10. Nd5 Bg7 11. Qh5 Ne7 12. Ne3 d5 13. exd5 f5 14. 0-0-0 Qd6 15. c3 f4 16. Nec2 Bf5 17. g3 Rc8 18. Bh3 Bg6 19. Qe2 Rc7 20. Kb1 fxg3 21. hxg3 0-0 22. Ka1 Rb8 23. Nb4 e4 24. Nxa6 Rxc3 25. Nxb8 Rxa3 26. Qxb5 h5 27. Nc6 e3 28. Qb4 Qxb4 29. Nxb4 Ra4 30. Nc6 Nxc6 31. dxc6 Rb4 32. Rb1 Bxb1 33. Kxb1 Rxb2+ 34. Kc1 Rb6 35. Bd7 Bb2+ 36. Kc2 Be5 37. f4 Bc7 38. Kd3 Ra6 39. Rxh5 Ra3+ 40. Ke2 Bb6 41. Re5 Rxa2+ 42. Kd3 Rd2+ 43. Kc4 e2 44. Bg4 Rc2+ 45. Kb5 Rc5+ 46. Kxb6 Rxe5 47. c7 e1Q 48. fxe5 Qb4+ 0-1

[Event "Zalakaros op 19th"]
[Site "Zalakaros"]
[Date "2000.05.21"]
[Round "3"]
[White "Barczay, Laszlo"]
[Black "Petre, Nad Titus"]
[Result "1/2-1/2"]
[WhiteElo "2404"]
[BlackElo "2307"]
[PlyCount "104"]
[EventDate "2000.05.??"]
[EventType "swiss"]
[EventRounds "9"]
[EventCountry "HUN"]
[SourceTitle "EXT 2002"]
[Source "ChessBase"]
[SourceDate "2001.11.25"]
[SourceVersion "1"]
[SourceVersionDate "2001.11.25"]
[SourceQuality "1"]

1. e4 c5 2. Nf3 e6 3. d4 cxd4 4. Nxd4 a6 5. Nc3 b5 6. Bd3 Qb6 7. Nb3 Qc7 8. 0-0 Bb7 9. Re1 d6 10. Bf4 Nc6 11. Bxb5 axb5 12. Nxb5 Qb6 13. Nxd6+ Bxd6 14. Bxd6 Nge7 15. Bc5 Qc7 16. Qd2 0-0 17. Qe3 Rfe8 18. Rad1 Qe5 19. Ba3 Na5 20. Nxa5 Qxa5 21. Rd7 Qb5 22. Rxe7 Rxe7 23. Bxe7 Qxb2 24. a3 Qxc2 25. Bb4 h6 26. f3 Rc8 27. Qa7 Bc6 28. h3 Bb5 29. Qd4 Qb3 30. Re3 Qb1+ 31. Kh2 Rc2 32. Rc3 Bf1 33. Rxc2 Qxc2 34. Qg1 Bd3 35. Qe1 Qc7+ 36. Kg1 Qa7+ 37. Qf2 Qa4 38. Kh2 Kh7 39. Qg3 Qa7 40. Bf8 f6 41. e5 f5 42. Qe1 Bb5 43. Qb4 Qd7 44. Qe7 Qxe7 45. Bxe7 Kg8 46. f4 Kf7 47. Bc5 Ke8 48. g4 fxg4 49. hxg4 g6 50. Kg3 Ba4 51. Kh4 Bd1 52. g5 h5 1/2-1/2

[Event "HUN-chT2 9900"]
[Site "Hungary"]
[Date "2000.03.05"]
[Round "9"]
[White "Barczay, Laszlo"]
[Black "Parkanyi, Attila"]
[Result "1/2-1/2"]
[WhiteElo "2402"]
[BlackElo "2313"]
[PlyCount "21"]
[EventDate "1999.09.26"]
[EventType "team"]
[EventRounds "11"]
[EventCountry "HUN"]
[SourceTitle "EXT 2002"]
[Source "ChessBase"]
[SourceDate "2001.11.25"]
[SourceVersion "1"]
[SourceVersionDate "2001.11.25"]
[SourceQuality "1"]

1. e4 c5 2. Nf3 d6 3. Bb5+ Bd7 4. Bxd7+ Qxd7 5. 0-0 Nc6 6. Re1 Nf6 7. Nc3 e5 8. d3 h6 9. Ne2 g6 10. Ng3 Bg7 11. h3 1/2-1/2

[Event "HUN-chT2 9900"]
[Site "Hungary"]
[Date "1999.11.14"]
[Round "4"]
[White "Biro, David"]
[Black "Barczay, Laszlo"]
[Result "0-1"]
[WhiteElo "2213"]
[BlackElo "2402"]
[PlyCount "98"]
[EventDate "1999.09.26"]
[EventType "team"]
[EventRounds "11"]
[EventCountry "HUN"]
[SourceTitle "EXT 2002"]
[Source "ChessBase"]
[SourceDate "2001.11.25"]
[SourceVersion "1"]
[SourceVersionDate "2001.11.25"]
[SourceQuality "1"]

1. d4 c6 2. c4 g6 3. Nc3 Bg7 4. e4 d6 5. Be3 a6 6. f3 b5 7. Qd2 Nd7 8. Rd1 bxc4 9. Bxc4 d5 10. Bb3 Nb6 11. Nge2 a5 12. Na4 Nxa4 13. Bxa4 Bd7 14. Nc3 dxe4 15. fxe4 Nf6 16. Bh6 0-0 17. Bxg7 Kxg7 18. 0-0 Rb8 19. Kh1 h6 20. Rde1 Be8 21. Bb3 Rb4 22. e5 Nd5 23. Bxd5 cxd5 24. a3 Rb7 25. Rb1 a4 26. Qd1 Qa5 27. Qf3 Bc6 28. Na2 Rb3 29. Qf2 Bb5 30. Rfe1 Bc4 31. Nb4 Qb6 32. Rbd1 f5 33. Re3 Rxe3 34. Qxe3 Qe6 35. Nd3 Bxd3 36. Rxd3 f4 37. Qf3 g5 38. h3 Kg6 39. Qd1 Qf5 40. b3 axb3 41. Rxb3 h5 42. Rb6+ e6 43. a4 g4 44. hxg4 hxg4 45. Qb1 Qxb1+ 46. Rxb1 Ra8 47. Rb4 Rc8 48. Kg1 Rc4 49. Rb6 Kf5 0-1

[Event "Paris-ch op"]
[Site "Paris"]
[Date "1999.07.20"]
[Round "4"]
[White "Barczay, Laszlo"]
[Black "Yacob, Francois"]
[Result "1-0"]
[WhiteElo "2402"]
[BlackElo "2262"]
[PlyCount "37"]
[EventDate "1999.07.17"]
[EventType "swiss"]
[EventRounds "9"]
[EventCountry "FRA"]
[SourceTitle "EXT 2000"]
[Source "ChessBase"]
[SourceDate "1999.11.16"]
[SourceVersion "1"]
[SourceVersionDate "1999.11.16"]
[SourceQuality "1"]

1. e4 c5 2. Nf3 Nc6 3. Nc3 e6 4. Bb5 Nd4 5. Bd3 Ne7 6. Nxd4 cxd4 7. Ne2 Nc6 8. 0-0 Bc5 9. a3 a6 10. Bc4 Ne5 11. d3 0-0 12. Bb3 Kh8 13. f4 Nc6 14. f5 Ne7 15. Ng3 f6 16. Qg4 d5 17. fxe6 Rg8 18. exd5 Nxd5 19. Qf5 1-0

[Event "HUN-chT2 9899"]
[Site "Hungary"]
[Date "1999.??.??"]
[Round "?"]
[White "Adorjan, Andras"]
[Black "Barczay, Laszlo"]
[Result "1/2-1/2"]
[WhiteElo "2490"]
[BlackElo "2405"]
[PlyCount "30"]
[EventDate "1998.??.??"]
[EventType "team"]
[EventRounds "12"]
[EventCountry "HUN"]
[SourceTitle "EXT 2000"]
[Source "ChessBase"]
[SourceDate "1999.11.16"]
[SourceVersion "1"]
[SourceVersionDate "1999.11.16"]
[SourceQuality "1"]

1. e4 c5 2. Nf3 e6 3. d4 cxd4 4. Nxd4 a6 5. Qe2 Ne7 6. g3 Nbc6 7. Nxc6 Nxc6 8. Bg2 Be7 9. 0-0 0-0 10. Rd1 b5 11. Na3 Bb7 12. c4 b4 13. Nc2 Qc7 14. Bf4 e5 15. Bd2 Bc5 1/2-1/2

[Event "HUN-chT2 9899"]
[Site "Hungary"]
[Date "1999.??.??"]
[Round "?"]
[White "Barczay, Laszlo"]
[Black "Parkanyi, Attila"]
[Result "1-0"]
[WhiteElo "2405"]
[BlackElo "2390"]
[PlyCount "63"]
[EventDate "1998.??.??"]
[EventType "team"]
[EventRounds "12"]
[EventCountry "HUN"]
[SourceTitle "EXT 2000"]
[Source "ChessBase"]
[SourceDate "1999.11.16"]
[SourceVersion "1"]
[SourceVersionDate "1999.11.16"]
[SourceQuality "1"]

1. e4 g6 2. d4 Bg7 3. Nc3 d6 4. Be3 Nf6 5. Qd2 0-0 6. h3 Nbd7 7. 0-0-0 e5 8. dxe5 Nxe5 9. f4 Nc6 10. g4 Re8 11. Bg2 Nd7 12. Nge2 Nb6 13. b3 Qe7 14. Nd4 d5 15. e5 Nxd4 16. Qxd4 c6 17. Qc5 Qe6 18. Kb1 f6 19. Qa5 Bd7 20. Bd4 fxe5 21. fxe5 Bxe5 22. Rhe1 Qd6 23. Rxe5 Rxe5 24. Bxb6 d4 25. Nd5 d3 26. Rxd3 Rae8 27. Bc7 Re1+ 28. Kb2 Qf8 29. Rf3 Qg7+ 30. Nf6+ Kh8 31. Qc3 R8e7 32. Ba5 1-0

[Event "HUN-chT2 9899"]
[Site "Hungary"]
[Date "1999.??.??"]
[Round "?"]
[White "Barczay, Laszlo"]
[Black "Szell, Lajos"]
[Result "0-1"]
[WhiteElo "2405"]
[BlackElo "2260"]
[PlyCount "28"]
[EventDate "1998.??.??"]
[EventType "team"]
[EventRounds "12"]
[EventCountry "HUN"]
[SourceTitle "EXT 2000"]
[Source "ChessBase"]
[SourceDate "1999.11.16"]
[SourceVersion "1"]
[SourceVersionDate "1999.11.16"]
[SourceQuality "1"]

1. e4 e5 2. Nf3 Nc6 3. Bb5 f5 4. Nc3 fxe4 5. Nxe4 d5 6. Nxe5 dxe4 7. Nxc6 Qg5 8. Qe2 Nf6 9. f4 Qxf4 10. d4 Qd6 11. Nxa7+ c6 12. Nxc8 Qb4+ 13. Bd2 Qxb5 14. c4 Qxb2 0-1

[Event "HUN-chT2 9899"]
[Site "Hungary"]
[Date "1999.??.??"]
[Round "?"]
[White "Kosa, Laszlo"]
[Black "Barczay, Laszlo"]
[Result "0-1"]
[WhiteElo "2225"]
[BlackElo "2405"]
[PlyCount "106"]
[EventDate "1998.??.??"]
[EventType "team"]
[EventRounds "12"]
[EventCountry "HUN"]
[SourceTitle "EXT 2000"]
[Source "ChessBase"]
[SourceDate "1999.11.16"]
[SourceVersion "1"]
[SourceVersionDate "1999.11.16"]
[SourceQuality "1"]

1. e4 c6 2. Nc3 d5 3. Nf3 dxe4 4. Nxe4 Nf6 5. Nxf6+ exf6 6. d4 Bd6 7. Be2 0-0 8. Be3 Re8 9. Qd2 Nd7 10. 0-0-0 f5 11. Bd3 Nf6 12. Bf4 Ne4 13. Bxe4 fxe4 14. Ng5 h6 15. Nh3 Bf8 16. Ng1 Be6 17. Kb1 Qd5 18. b3 a5 19. Ne2 a4 20. Be3 axb3 21. cxb3 Qb5 22. Nc3 Qa6 23. Qc2 Bb4 24. Rd2 Qa5 25. Rc1 Qh5 26. h3 Ra3 27. d5 cxd5 28. Rd4 Bc5 29. Qd1 Qg6 30. g4 Bxd4 31. Qxd4 Raa8 32. Nxd5 Bxd5 33. Qxd5 Qa6 34. a4 Rad8 35. Qc4 Qf6 36. Qb5 Qe6 37. Ka2 Rc8 38. Rxc8 Qxc8 39. Ka3 Re6 40. a5 Qc3 41. Qxb7 Qxa5+ 42. Kb2 Re8 43. b4 Qa4 44. h4 Ra8 45. Kc3 Qa2 46. Kd4 Rd8+ 47. Kxe4 Qe6+ 48. Kf3 f5 49. g5 Qc4 50. Kg2 Qg4+ 51. Kh2 Qxh4+ 52. Kg2 f4 53. Bc5 Qg4+ 0-1

[Event "Budapest FS08 GM"]
[Site "Budapest"]
[Date "1998.08.06"]
[Round "6"]
[White "Barczay, Laszlo"]
[Black "Szabolcsi, Janos"]
[Result "1/2-1/2"]
[WhiteElo "2405"]
[BlackElo "2390"]
[PlyCount "57"]
[EventDate "1998.08.01"]
[EventType "tourn"]
[EventRounds "13"]
[EventCountry "HUN"]
[EventCategory "7"]
[SourceTitle "EXT 1999"]
[Source "ChessBase"]
[SourceDate "1998.11.16"]
[SourceVersion "1"]
[SourceVersionDate "1998.11.16"]
[SourceQuality "1"]

1. e4 c6 2. d4 d5 3. Nd2 dxe4 4. Nxe4 Nd7 5. Ng5 Ngf6 6. Bd3 e6 7. N1f3 Bd6 8. Qe2 h6 9. Ne4 Nxe4 10. Qxe4 Nf6 11. Qe2 Qc7 12. Be3 b6 13. 0-0-0 0-0 14. Kb1 c5 15. Rhe1 Bb7 16. c4 Rfd8 17. dxc5 bxc5 18. Bc1 a5 19. h3 a4 20. Bc2 Rdb8 21. Ne5 Bxe5 22. Qxe5 Qxe5 23. Rxe5 Bxg2 24. Bxh6 Bxh3 25. Rg5 g6 26. Rxc5 Bf5 27. Bxf5 exf5 28. f3 Rb7 29. Rc6 1/2-1/2

[Event "Budapest FS08 GM"]
[Site "Budapest"]
[Date "1998.08.04"]
[Round "4"]
[White "Barczay, Laszlo"]
[Black "Gonzalez Garcia, Jose"]
[Result "1/2-1/2"]
[WhiteElo "2405"]
[BlackElo "2420"]
[PlyCount "27"]
[EventDate "1998.08.01"]
[EventType "tourn"]
[EventRounds "13"]
[EventCountry "HUN"]
[EventCategory "7"]
[SourceTitle "EXT 1999"]
[Source "ChessBase"]
[SourceDate "1998.11.16"]
[SourceVersion "1"]
[SourceVersionDate "1998.11.16"]
[SourceQuality "1"]

1. e4 c5 2. Nf3 d6 3. Bb5+ Bd7 4. Bxd7+ Qxd7 5. 0-0 Nc6 6. Re1 Nf6 7. h3 e6 8. c4 Ne5 9. d3 Be7 10. b3 0-0 11. Bb2 Nxf3+ 12. Qxf3 b5 13. Nd2 a6 14. d4 1/2-1/2